000 00328nam a22001457a 4500
003 OSt
008 250507b |||||||| |||| 00| 0 eng d
100 _aDAYANAND,Mehrsee
245 _aReegvedh 2nd Part
250 _a24th
260 _aNew Delhi
_bArya Prakashan
_c2024
300 _a169
650 _aGeneral
942 _2ddc
_cBK
999 _c13560
_d13560